|
|
|
|
| LEADER |
01604nam a2200433 4500 |
| 001 |
on1083522291 |
| 003 |
OCoLC |
| 005 |
20200326101159.0 |
| 006 |
m o d |
| 007 |
cr cnu|||unuuu |
| 008 |
190128s2019 maua ob 001 0 eng d |
| 040 |
|
|
|a N$T
|b eng
|e rda
|e pn
|c N$T
|d N$T
|d OCLCO
|d OPELS
|d YDX
|d UKMGB
|d OCLCF
|d GrThAP
|
| 015 |
|
|
|a GBB931572
|2 bnb
|
| 016 |
7 |
|
|a 019229072
|2 Uk
|
| 019 |
|
|
|a 1083572564
|
| 020 |
|
|
|a 9780128171523
|q (electronic bk.)
|
| 020 |
|
|
|a 0128171529
|q (electronic bk.)
|
| 020 |
|
|
|a 9780128171516
|
| 020 |
|
|
|a 0128171510
|
| 035 |
|
|
|a (OCoLC)1083522291
|z (OCoLC)1083572564
|
| 050 |
|
4 |
|a QD421
|
| 072 |
|
7 |
|a SCI
|x 007000
|2 bisacsh
|
| 082 |
0 |
4 |
|a 572.549
|2 23
|
| 245 |
0 |
4 |
|a The alkaloids.
|n Volume 81 /
|c edited by Hans-Joachim Knölker.
|
| 250 |
|
|
|a First edition.
|
| 264 |
|
1 |
|a Cambridge, MA :
|b Elsevier Ltd. :
|b Academic Press,
|c 2019.
|
| 300 |
|
|
|a 1 online resource. :
|b illustrations
|
| 336 |
|
|
|a text
|b txt
|2 rdacontent
|
| 337 |
|
|
|a computer
|b c
|2 rdamedia
|
| 338 |
|
|
|a online resource
|b cr
|2 rdacarrier
|
| 588 |
0 |
|
|a Online resource; title from PDF title page (EBSCO, viewed January 30, 2019).
|
| 504 |
|
|
|a Includes bibliographical references and index.
|
| 650 |
|
0 |
|a Alkaloids.
|
| 650 |
|
7 |
|a SCIENCE / Life Sciences / Biochemistry.
|2 bisacsh
|
| 650 |
|
7 |
|a Alkaloids.
|2 fast
|0 (OCoLC)fst00805398
|
| 655 |
|
4 |
|a Electronic books.
|
| 700 |
1 |
|
|a Knölker, Hans-Joachim,
|e editor.
|
| 776 |
0 |
8 |
|c Original
|z 0128171510
|z 9780128171516
|w (OCoLC)1047780805
|
| 856 |
4 |
0 |
|3 ScienceDirect
|u https://www.sciencedirect.com/science/bookseries/10994831/81
|z Full Text via HEAL-Link
|